Experimental parasitology. (Record no. 39033)

MARC details
000 -LEADER
fixed length control field 00651cam a22002291 4500
001 - CONTROL NUMBER
control field med48001467
003 - CONTROL NUMBER IDENTIFIER
control field DLC
005 - DATE AND TIME OF LATEST TRANSACTION
control field 20260227111611.0
008 - FIXED-LENGTH DATA ELEMENTS--GENERAL INFORMATION
fixed length control field 860107t19481945miua 000 0 eng c
010 ## - LIBRARY OF CONGRESS CONTROL NUMBER
LC control number med48001467
035 ## - SYSTEM CONTROL NUMBER
System control number (OCoLC)12985651
040 ## - CATALOGING SOURCE
Original cataloging agency U.S. Army Medical Libr.
Transcribing agency GU
Modifying agency DLC
042 ## - AUTHENTICATION CODE
Authentication code premarc
050 00 - LIBRARY OF CONGRESS CALL NUMBER
Classification number QL757
Item number .H35 1948
082 ## - DEWEY DECIMAL CLASSIFICATION NUMBER
Classification number 591.69
100 1# - MAIN ENTRY--PERSONAL NAME
Personal name Hawkins, Philip A.
Fuller form of name (Philip Alba),
Dates associated with a name 1915-1951.
245 10 - TITLE STATEMENT
Title Experimental parasitology.
250 ## - EDITION STATEMENT
Edition statement [1st revision, 1947]
260 ## - PUBLICATION, DISTRIBUTION, ETC.
Place of publication, distribution, etc. East Lansing,
Name of publisher, distributor, etc. Michigan State College Press
Date of publication, distribution, etc. [1948, c1945]
300 ## - PHYSICAL DESCRIPTION
Extent 42 l.
Other physical details illus.
Dimensions 28 cm.
650 #0 - SUBJECT ADDED ENTRY--TOPICAL TERM
Topical term or geographic name entry element Parasites.

No items available.

Powered by Koha